| 000 | 00953nam a2200265 i 4500 | ||
|---|---|---|---|
| 001 | 184847 | ||
| 003 | SpMaBN | ||
| 005 | 20251015161657.0 | ||
| 008 | 160204s1985 sp |||| |bspa d | ||
| 080 | _a929 Yalal al-Din Rumi | ||
| 080 | _a141.336 | ||
| 100 | 1 |
_aArasteh, A. Reza. _9158677 |
|
| 245 | 1 | 0 |
_aRumi, el persa, el sufí _b: un renacimiento en el seno de la creatividad y el amor / _cA. Reza Arasteh ; prefacio de Erich Fromm. |
| 250 | _a1ª reimp. en España, 1984. | ||
| 260 |
_aBarcelona : _bPaidos Ibérica, _c[D.L.1985] |
||
| 300 |
_a174 p. ; _c20 cm. |
||
| 490 | 1 |
_aPaidós orientalia ; _v18 |
|
| 504 | _aBibliografía: p. 173-174. | ||
| 600 | 1 | 7 |
_aJalal al-Din Rumi, Maulana, _d1207-1273 _2 _9158678 |
| 650 | 7 |
_aSufismo. _917256 |
|
| 700 | 1 |
_aFromm, Erich, _d1900-1980 _952729 |
|
| 830 | 0 |
_aPaidós orientalia ; _v18 _9180381 |
|
| 852 |
_aES-MaACL _jL-30203 _z. - Donat. Miguel A. Velasco |
||
| 999 |
_c184847 _d184847 |
||